Acercamientos : (Registro nro. 23297)
[ vista simple ]
| 000 -CABECERA | |
|---|---|
| campo de control de longitud fija | 00753nam a2200265 a 4500 |
| 001 - NÚMERO DE CONTROL | |
| campo de control | 000023801 |
| 003 - IDENTIFICADOR DEL NÚMERO DE CONTROL | |
| campo de control | OSt |
| 005 - FECHA Y HORA DE LA ÚLTIMA TRANSACCIÓN | |
| campo de control | 20200930022458.0 |
| 008 - DATOS DE LONGITUD FIJA--INFORMACIÓN GENERAL | |
| campo de control de longitud fija | 110113s1969 ve r 000 p spa d |
| 040 ## - FUENTE DE LA CATALOGACIÓN | |
| Centro catalogador/agencia de origen | DO-SdBNP |
| Lengua de catalogación | spa |
| Centro/agencia transcriptor | BNPHU |
| 049 ## - FONDOS LOCALES (OCLC) | |
| Fondos de biblioteca | BNGR |
| 082 ## - NÚMERO DE LA CLASIFICACIÓN DECIMAL DEWEY | |
| Número de clasificación | V861.44 |
| Número de documento/Ítem | S586a |
| 100 1# - ENTRADA PRINCIPAL--NOMBRE DE PERSONA | |
| Nombre de persona | Silva Estrada, Alfredo, |
| Fechas asociadas al nombre | 1933 - 2009 |
| 9 (RLIN) | 48993 |
| 245 10 - MENCIÓN DE TÍTULO | |
| Título | Acercamientos : |
| Resto del título | obra poética (1952-1967) / |
| Mención de responsabilidad, etc. | Alfredo Silva Estrada. |
| 260 ## - PUBLICACIÓN, DISTRIBUCIÓN, ETC. | |
| Lugar de publicación, distribución, etc. | Caracas : |
| Nombre del editor, distribuidor, etc. | Monte Ávila, |
| Fecha de publicación, distribución, etc. | 1969. |
| 300 ## - DESCRIPCIÓN FÍSICA | |
| Extensión | 320, [8] p. ; |
| Dimensiones | 20 cm. |
| 490 1# - MENCIÓN DE SERIE | |
| Mención de serie | Altazor ; |
| 590 ## - NOTA LOCAL (RLIN) | |
| Nota local | Inventariado, 2020/ YL |
| 650 #4 - PUNTO DE ACCESO ADICIONAL DE MATERIA--TÉRMINO DE MATERIA | |
| Término de materia o nombre geográfico como elemento de entrada | Poesía venezolana |
| 9 (RLIN) | 4230 |
| 650 #4 - PUNTO DE ACCESO ADICIONAL DE MATERIA--TÉRMINO DE MATERIA | |
| Término de materia o nombre geográfico como elemento de entrada | Literatura venezolana |
| 9 (RLIN) | 3816 |
| 830 #0 - PUNTO DE ACCESO ADICIONAL DE SERIE-TÍTULO UNIFORME | |
| Título uniforme | Altazor |
| 9 (RLIN) | 8724 |
| 910 ## - DATOS DE OPCIÓN DEL USUARIO (OCLC) | |
| Datos de opción del usuario | En proceso |
| 942 ## - ELEMENTOS DE PUNTO DE ACCESO ADICIONAL (KOHA) | |
| Fuente del sistema de clasificación o colocación | Dewey Decimal Classification |
| Tipo de ítem Koha | Libros y folletos |
| 956 ## - LOCALIZACIÓN Y ACCESO ELECTRÓNICOS LOCAL (OCLC) | |
| Nombre del host | YLOCKWARD |
| Estado de retiro | Estado de pérdida | Fuente del sistema de clasificación o colocación | Restricciones de uso | No para préstamo | Código de colección | Localización permanente | Ubicación/localización actual | Ubicación en estantería | Fecha de adquisición | Fuente de adquisición | Número de inventario | Total de préstamos | Signatura topográfica completa | Código de barras | Fecha visto por última vez | Precio válido a partir de | Tipo de ítem Koha | Número de copia |
|---|---|---|---|---|---|---|---|---|---|---|---|---|---|---|---|---|---|---|
| Dewey Decimal Classification | Excluido de préstamo | Monografías: Libros y Folletos | General | General | En catalogación | 13.01.2011 | Donado por Venezuela | LF1 | V861.44 S586a | 23801-10 | 25.06.2020 | 25.06.2020 | No se presta | |||||
| Extraviado | Dewey Decimal Classification | Excluido de préstamo | Monografías: Libros y Folletos | General | General | Extraviado | 18.04.2017 | LF1 | V861.44 S586a | 23801-20 | 25.06.2020 | 25.06.2020 | No se presta | e. 2 | ||||
| Extraviado | Dewey Decimal Classification | Monografías: Libros y Folletos | General | General | Extraviado | 18.04.2017 | LF1 | V861.44 S586a | 23801-30 | 25.06.2020 | 25.06.2020 | Préstamo en sala | e. 3 |
